Statistics for Countries by Leader's Standard

Click here to take the quiz!

General Stats

  • This quiz has been taken 11 times
  • The average score is 12 of 16

Answer Stats

Answer% Correct
China
100%
Egypt
100%
France
100%
Saudi Arabia
100%
United States
100%
Mexico
91%
Russia
91%
Germany
82%
United Kingdom
82%
Brazil
73%
Italy
64%
Singapore
64%
Japan
55%
South Korea
45%
Thailand
45%
Cuba
27%

Score Distribution

Percentile by Number Answered

Percent of People with Each Score

Your Score History

You have not taken this quiz